Lo popular y lo culto en la música española : (Record no. 64758)

MARC details
000 -LEADER
campo de control de longitud fija 00755nam a2200205 i 4500
001 - NÚMERO DE CONTROL
campo de control 64758
003 - IDENTIFICADOR DE NÚMERO DE CONTROL
campo de control ES-MaACL
005 - FECHA Y HORA DE LA ÚLTIMA TRANSACCIÓN
campo de control 20250823095258.0
007 - CAMPO FIJO DE DESCRIPCIÓN FÍSICA--INFORMACIÓN GENERAL
campo de control de longitud fija t|
008 - DATOS DE LONGITUD FIJA--INFORMACIÓN GENERAL
campo de control de longitud fija 040105s1946 sp ||||1| spa d
100 1# - ENTRADA PRINCIPAL--NOMBRE DE PERSONA
Nombre de persona Forns, José.
9 (RLIN) 51793
245 13 - MENCIÓN DEL TÍTULO
Título Lo popular y lo culto en la música española :
Resto del título [conferencia pronunciada en la Escuela Social de Madrid el día 24 de enero de 1946] /
Mención de responsabilidad, etc. por José Forns.
260 ## - PUBLICACIÓN, DISTRIBUCIÓN, ETC.
Lugar de publicación, distribución, etc. Madrid :
Nombre del editor, distribuidor, etc. [Escuela Social de Madrid],
Fecha de publicación, distribución, etc. 1946 (
Fabricante La Normal)
300 ## - DESCRIPCIÓN FÍSICA
Extensión 27 p. ;
Dimensiones 24 cm.
594 ## - Nota al título y mención de responsabilidad
Nota al título y mención de responsabilidad Precede al tít.: Ministerio de Trabajo. Escuela Social de Madrid.
650 #7 - PUNTO DE ACCESO ADICIONAL DE MATERIA--TÉRMINO DE MATERIA
Término de materia o nombre geográfico como elemento de entrada Música española
Fuente del encabezamiento o término embne
9 (RLIN) 136569
710 2# - ENTRADA AGREGADA--NOMBRE DE ENTIDAD CORPORATIVA
Nombre de entidad corporativa o nombre de jurisdicción como elemento de entrada Escuela Social de Madrid.
9 (RLIN) 3593
852 ## - LOCALIZACIÓN
Ubicación ES-MaACL
Número de control de estantería 1864-F-4
Holdings
Estatus retirado Estado de pérdida Estado de daño No para préstamo Colección Biblioteca de origen Biblioteca actual Ubicación en estantería Fecha de adquisición Fuente de adquisición Total de préstamos Signatura topográfica completa Código de barras Visto por última vez Precio de reemplazo Tipo de ítem Koha
        Colección de folletos Biblioteca del Ateneo de Madrid Biblioteca del Ateneo de Madrid Depósito folletos 17/01/2008     1864-F-4 1067854 23/02/2023 23/02/2023 Folleto